Ask Me Anything (Record no. 10871)

MARC details
000 -LEADER
fixed length control field 00502nam a22001937a 4500
003 - CONTROL NUMBER IDENTIFIER
control field OSt
005 - DATE AND TIME OF LATEST TRANSACTION
control field 20220702120656.0
008 - FIXED-LENGTH DATA ELEMENTS--GENERAL INFORMATION
fixed length control field 220702b |||||||| |||| 00| 0 eng d
020 ## - INTERNATIONAL STANDARD BOOK NUMBER
International Standard Book Number 9780143414575
040 ## - CATALOGING SOURCE
Transcribing agency DDC
050 ## - LIBRARY OF CONGRESS CALL NUMBER
Classification number 032.02
Item number B915A
082 ## - DEWEY DECIMAL CLASSIFICATION NUMBER
Classification number 032.02
Item number B915A
100 ## - MAIN ENTRY--PERSONAL NAME
Personal name Bryan, Kim
245 ## - TITLE STATEMENT
Title Ask Me Anything
Remainder of title Every fact you ever wanted to know
Statement of responsibility, etc. Bryan, Kim
260 ## - PUBLICATION, DISTRIBUTION, ETC.
Name of publisher, distributor, etc. Penguin Books India
Date of publication, distribution, etc. C2011
300 ## - PHYSICAL DESCRIPTION
Extent 303p.:
Other physical details ill: map:
501 ## - WITH NOTE
With note Index Included
942 ## - ADDED ENTRY ELEMENTS (KOHA)
Source of classification or shelving scheme Dewey Decimal Classification
Koha item type Books
Holdings
Withdrawn status Lost status Source of classification or shelving scheme Damaged status Not for loan Collection code Home library Current library Shelving location Date acquired Total Checkouts Full call number Barcode Date last seen Price effective from Koha item type
    Dewey Decimal Classification     Non-fiction Harvest Mission College Harvest Mission College General Stacks 06.07.2022   032.02 B915A 012724 06.07.2022 06.07.2022 Books

OPAC Designed and Maintained by HMC Library Team.
Copyright © HMC Library,Greater Noida, UP.
For any Suggestions/Query Contact library via Email:libhmc@gmail.com